000 00458nam a2200181Ia 4500
005 20250423095508.0
008 250422s9999 xx 000 0 und d
020 _a9781292042657
050 _aQH 430 .S26/
100 _aSanders, Mark F.
245 0 _aGenetic analysis : an integrated approach
260 _aUnited States
260 _bPearson
260 _c2014
300 _a866 p
650 _aGenetic Phenomena. Genetic Techniques.
942 _cBK
999 _c30448
_d30448